000
00285nam a2200109Ia 4500
008
171211s9999 xx 000 0 und d
245
_a
Stretching Dynamique
245
_c
Frenette
260
_c
1990
650
_x
Martial Arts
856
_u
http://down.ebook777.com/065/9782907736039.pdf
999
_c
348172
_d
348172